[Event "Merida Revolucion op"]
[Site "Merida"]
[Date "1993.??.??"]
[Round "3"]
[White "Casares, Carlos"]
[Black "Gil, Raul"]
[Result "0-1"]
[WhiteElo "1695"]
[BlackElo "1960"]
[PlyCount "35"]
[EventDate "1993.??.??"]
[EventType "swiss"]
[EventRounds "5"]
[EventCountry "MEX"]
[SourceTitle "EXT 2005"]
[Source "ChessBase"]
[SourceDate "2004.11.15"]
[SourceVersion "1"]
[SourceVersionDate "2004.11.15"]
[SourceQuality "1"]

1. e4 c6 2. Bc4 d5 3. exd5 cxd5 4. Be2 Nf6 5. Nf3 Nc6 6. d3 Bg4 7. h3 Bxf3 8. Bxf3 e6 9. 0-0 Be7 10. b3 0-0 11. Nd2 Qc7 12. Bb2 Bd6 13. g3 e5 14. c4 e4 15. dxe4 dxe4 16. Bxe4 Rad8 17. Rb1 Rd7 18. Qf3 0-1